Bangladesh : trade 2003 catalogue.
| Corporate Author: | |
|---|---|
| Format: | Book |
| Published: |
Dhaka:
Bangladesh Trade Catalogue Project,
2003.
|
| Subjects: |
| LEADER | 00521cam a2200157 7i4500 | ||
|---|---|---|---|
| 001 | 0000015443 | ||
| 005 | 20050505090000.0 | ||
| 090 | 0 | 0 | |a BANG 338.7025 |b MIN |
| 110 | 2 | 0 | |a Ministry of Commerce |
| 245 | 2 | 0 | |a Bangladesh : |b trade 2003 catalogue. |
| 260 | 0 | 0 | |a Dhaka: |b Bangladesh Trade Catalogue Project, |c 2003. |
| 300 | # | # | |a 1014 p. |
| 650 | 0 | 0 | |a Business -- |x Directories -- |z Bangladesh |
| 650 | 0 | 0 | |a Business -- |x Catalogue -- |z Bangladesh |
| 651 | 0 | 0 | |a Bangladesh |
| 999 | |a 0000017035 |b Directories |c Countries |e Business Information Centre | ||